| 000 | 00889nam a22002417a 4500 | ||
|---|---|---|---|
| 999 |
_c5165 _d5165 |
||
| 003 | AR-CdUCM | ||
| 008 | 190312b ||||| |||| 00| 0 spa d | ||
| 040 |
_aMUNICIPALIDAD PROVINCIAL DEL CUSCO _cBIBLIOTECA MUNICIPAL DEL CUSCO |
||
| 041 | _h-fri | ||
| 082 |
_a759.06 / _bG21 |
||
| 100 |
_aGaraudy, Roger _914453 |
||
| 245 |
_aHacia un realismo sin fronteras : _bPicasso - Saint- John Perse - Kafka / |
||
| 260 |
_aBuenos Aires : _bLautaro, _c1964. |
||
| 300 |
_a172 páginas ; _c20 cm. |
||
| 440 |
_aEnsayos Fundamentales _915684 |
||
| 505 | _aContenido: Picasso -- Saint-John Perse -- Kafka -- El mundo dividido y sus conflictos -- El mundo interior y sus ambigüedad ... | ||
| 650 |
_aPablo Picasso _914760 |
||
| 650 |
_aFranz Kafka _915685 |
||
| 650 |
_aPintura moderna (Realismo) _915686 |
||
| 700 |
_aSciarreta, Raúl (Traductor) _915687 |
||
| 942 |
_2ddc _cLIBROS |
||
| 945 | _araen | ||